000 00836cam a2200253 i 4500
001 17882556
005 20180314050311.0
008 130911t20142014flu b 001 0 eng
010 _a 2013036868
020 _a9781466507289 (hardback : alk. paper)
040 _aDLC
_beng
_cDLC
_erda
_dDLC
041 _aeng
042 _apcc
080 _a512.5 lip
082 0 0 _a512.5 lip
_223
084 _aMAT000000
_aMAT002000
_aMAT003000
_2bisacsh
100 _a36
101 _amat
245 0 0 _aHandbook of linear algebra /
_cedited by Leslie Hogben, Iowa State University Ames, USA.
504 _aIncludes bibliographical references and indexes.
906 _a7
_bcbc
_corignew
_d1
_eecip
_f20
_gy-gencatlg
942 _2ddc
_cBK
999 _c44967
_d44967